|
|
|
|
| LEADER |
00000nas a22000004a 4500 |
| 001 |
vtls010149457 |
| 003 |
SK-MaSNL |
| 005 |
20260228155953.0 |
| 008 |
181127d19581959xo ar p 000 b0slo |
| 015 |
|
|
|a SKSNBA1958/05-00625 (roč. I/[1957])
|a SKSNBA1959/05-00765 (roč. II/[1958])
|a SKSNBA1960/03-00330 (roč. III/1959)
|
| 040 |
|
|
|a UKB
|b slo
|c UKB
|d SAVUK
|d SNK
|e AACR2
|
| 041 |
0 |
|
|a slo
|
| 044 |
|
|
|a xo
|c SK
|
| 072 |
|
7 |
|a 39
|x Etnológia. Etnografia. Folklór
|2 konspekt
|
| 072 |
|
7 |
|a 9
|x Geografia. Biografické štúdie. Dejiny
|2 konspekt
|
| 080 |
|
|
|a 39
|2 2001
|
| 080 |
|
|
|a 908(437.6)
|2 2001
|
| 080 |
|
|
|a 050
|2 2001
|
| 245 |
0 |
0 |
|a Vlastivedný sborník Žilinského kraja
|
| 260 |
|
|
|a Martin
|b Osveta
|c [1957]-1959
|
| 300 |
|
|
|a 3 zv.
|c 24 cm
|
| 310 |
|
|
|a 1x ročne
|
| 362 |
0 |
|
|a [Roč.] I, [(1957)]-roč. III, (1959)
|
| 500 |
|
|
|a Zostavovateľka: I [1957]-1959, Vlasta Kristenová
|
| 550 |
|
|
|a I/[1957]-1958 vydáva Krajské múzeum v Žiline vo vydav. Osveta, Martin
|
| 550 |
|
|
|a II/1959 vydalo vydav. Osveta, Bratislava, pobočný závod Martin pre Krajské múzeum v Žiline
|
| 650 |
0 |
7 |
|a etnografia
|2 SNKPH
|9 950
|
| 650 |
0 |
7 |
|a vlastiveda
|2 SNKPH
|9 3887
|
| 700 |
1 |
|
|a Kristenová, Vlasta,
|d 1908-1991
|4 com
|9 48692
|
| 710 |
2 |
|
|a Krajské múzeum (Žilina, Slovensko)
|4 pbl
|9 133961
|
| 785 |
0 |
0 |
|t Vlastivedný sborník Považia
|
| 910 |
|
|
|a savuk
|
| 910 |
|
|
|a snk
|
| 916 |
|
|
|a [1957]-1959
|
| 999 |
|
|
|c 1018
|d 2948
|
| 952 |
|
|
|0 0
|1 0
|4 0
|7 0
|8 0
|a SNK
|b SNK
|d 1997-06-27
|f 1
|i snkKSP 1131/58
|l 0
|o snkČSC 736/1/1957
|p 17A0060952
|r 2005-01-02 00:00:00
|w 2026-02-21
|y PREZ
|
| 952 |
|
|
|0 0
|1 0
|4 0
|7 0
|a SNK
|b SNK
|d 2001-03-17
|l 0
|o snkČSC 736/1/1957 D2
|p 17A0294975
|r 2005-01-02 00:00:00
|w 2026-02-21
|y PREZ
|
| 952 |
|
|
|0 0
|1 0
|4 0
|7 0
|a SNK
|b SNK
|d 2001-04-05
|l 0
|o snkČSC 736/1/1957 D1
|p 17A0294104
|r 2005-01-02 00:00:00
|w 2026-02-21
|y PREZ
|
| 952 |
|
|
|0 0
|1 0
|4 0
|7 0
|8 0
|a SNK
|b SNK
|d 1997-04-09
|f 1
|i snkKSP 2257/59
|l 0
|o snkČSC 736/2/1958
|p 17A0059167
|r 2005-01-02 00:00:00
|w 2026-02-21
|y PREZ
|
| 952 |
|
|
|0 0
|1 0
|4 0
|7 0
|a SNK
|b SNK
|d 1998-07-29
|l 0
|o snkČSC 736/2/1958 D1
|p 17A0151378
|r 2005-01-02 00:00:00
|w 2026-02-21
|y PREZ
|
| 952 |
|
|
|0 0
|1 0
|4 0
|7 0
|a SNK
|b SNK
|d 2001-04-05
|l 0
|o snkČSC 736/2/1958 D2
|p 17A0267512
|r 2005-01-02 00:00:00
|w 2026-02-21
|y PREZ
|
| 952 |
|
|
|0 0
|1 0
|4 0
|7 0
|a SNK
|b SNK
|d 1997-05-07
|l 0
|o snkČSC 736/3/1959 D1
|p 17A0065374
|r 2005-01-02 00:00:00
|w 2026-02-21
|y PREZ
|
| 952 |
|
|
|0 0
|1 0
|4 0
|7 0
|a SNK
|b SNK
|d 1998-02-17
|f 1
|i snkKSP 498/60
|l 0
|o snkČSC 736/3/1959
|p 17A0123067
|r 2005-01-02 00:00:00
|w 2026-02-21
|y PREZ
|